=LDR 00000nam 2200000 4500 =001 INLIS000000000036999 =005 20130612142742 =008 ***********************************Ind** =035 ##$$a0010-061300000036999 =041 ##$$a Ind =082 ##$$a 813.085 =090 ##$$a 813.085, Dee s =100 ##$$a Dee =245 ##$$a Senandung cinta dari rumah kayu, catatan tentang inspiratif tentang keluarga, persahabatn dan cinta, Dee dan Kuti =260 ##$$a 2010 $b Jakarta =300 ##$$a 231 hlm, 18 cm =650 ##$$a Fiksi Roman-Indonesia =850 ##$$a NBPNMAT =990 ##$$a 21400613/BPAP-NTB/20142014 =990 ##$$a 0001/BPAP-NTB/20142014 =990 ##$$a 0001/BPAP-NTB/20142014